The EARTHSCAN reader in tropical forestry
| Other Authors: | |
|---|---|
| Format: | Book |
| Published: |
London :
Earthscan ,
1993
|
| Subjects: |
MARC
| LEADER | 00000cam a2200000 7i4500 | ||
|---|---|---|---|
| 001 | 0000000268 | ||
| 005 | 20000726.0 | ||
| 020 | 0 | 0 | |a 1853831271 |
| 090 | 0 | 0 | |a 634.9 |b EAR 1993 |
| 245 | 0 | 4 | |a The EARTHSCAN reader in tropical forestry |c edited by Simon Rietbergen |
| 260 | 0 | 0 | |a London : |b Earthscan , |c 1993 |
| 300 | |a vi, 328 p. : |b map ; |c 23 cm. | ||
| 500 | 0 | 0 | |a Includes bibliographical references and index |
| 650 | 0 | 0 | |a Forests and forestry |
| 700 | 0 | 1 | |a Rietbergen |h Simon |
| 999 | |a 0000001439 |b Monograph |c Open Shelf |e Default branch | ||